=LDR 00000nam 2200000 4500 =001 000981 =005 20250712021406 =035 ##$$a 0010-0725000860 =007 ta =008 250712################a##########0#ind## =020 ##$$a 978-623-307-644-9 =082 ##$$a 398.209 598 =084 ##$$a 398.209 598 CHE n =100 #$$a Cheh komar =245 1#$$a Narat tahu bagaimana caranya /$c Komar rien komar cheh =250 ##$$a Cetakan pertama =260 ##$$a Rawamangun :$b Badan pengembangan dan pembinaan bahasa,$c 2022 =300 ##$$a 20 hlm. : $b Ilus. ; $c 22,9 cm. =650 #4$$a Cerita anak indonesia-terjemahan =650 #4$$a Literasi-bahan bacaan